[Event "I Festival Steinitz A"]
[Site "Roma ITA"]
[Date "2002.07.07"]
[Round "4"]
[White "Rocchetti, Marco"]
[Black "Lattanzi, Domenico"]
[Result "1-0"]
[WhiteElo "1624"]
[BlackElo "1591"]
[PlyCount "99"]
[EventDate "2002.07.05"]

1. d4 d5 2. Nf3 Nf6 3. Bf4 Bf5 4. e3 e6 5. Nbd2 Bd6 6. Ne5 O-O 7. Be2 Ne4 8.
O-O Nd7 9. c4 Nxe5 10. dxe5 Bb4 11. Nxe4 Bxe4 12. Qb3 a5 13. Rfd1 b6 14. Rac1
Qh4 15. f3 dxc4 16. Bxc4 Bf5 17. Bg3 Qg5 18. Bf4 Qh4 19. Bg3 Qg5 20. f4 Qg6 21.
Bd3 Bc5 22. Bxf5 Qxf5 23. Bf2 Rad8 24. h3 Qe4 25. a3 Rd5 26. Rxd5 exd5 27. Rd1
Rd8 28. Qd3 Qa4 29. Qe2 d4 30. exd4 Bxd4 31. Bxd4 Rxd4 32. Rxd4 Qxd4+ 33. Qf2
Qxf2+ 34. Kxf2 a4 35. Ke3 c5 36. Ke4 b5 37. Kd5 b4 38. Kxc5 bxa3 39. bxa3 Kf8
40. Kb4 Ke7 41. Kxa4 Kd7 42. Kb5 Kc7 43. a4 Kb7 44. Kc5 Kc7 45. a5 Kd7 46. a6
Kc7 47. a7 Kb7 48. a8=Q+ Kxa8 49. Kd6 Kb7 50. Ke7 1-0

[Event "I Festival Steinitz A"]
[Site "Roma ITA"]
[Date "2002.07.07"]
[Round "4"]
[White "Romagnoli, Moreno"]
[Black "Caiazzo, Diego"]
[Result "0-1"]
[WhiteElo "1582"]
[BlackElo "1605"]
[PlyCount "92"]
[EventDate "2002.07.05"]

1. e4 e6 2. d4 d5 3. Nc3 dxe4 4. Nxe4 Nd7 5. Nf3 Ngf6 6. Nxf6+ Nxf6 7. Ne5 Be7
8. Bd3 O-O 9. O-O c5 10. dxc5 Bxc5 11. Bg5 Be7 12. Qf3 Qb6 13. Nc4 Qc5 14. Be3
Qc7 15. Rfe1 Rd8 16. Bf4 Qc6 17. Qe2 Bd7 18. Ne5 Qa4 19. Bg5 Be8 20. Qf3 Qb4
21. Qh3 g6 22. a3 Qxb2 23. Qh4 Qd4 24. Qh3 Nd5 25. Bxe7 Nxe7 26. Rab1 Rab8 27.
Rb4 Qc3 28. Reb1 Qxe5 29. Re4 Qf6 30. Rbe1 Nf5 31. Rc4 Bc6 32. Rf4 Rd4 33. Rf3
Bxf3 34. Qxf3 Qd8 35. g4 Ne7 36. Qf6 Nc6 37. Qf3 Qd6 38. h4 Qf4 39. Qe2 Qxg4+
40. Qxg4 Rxg4+ 41. Kh2 Rxh4+ 42. Kg3 Rd4 43. f3 Rbd8 44. Re3 R8d5 45. Kf2 Re5
46. f4 Rxf4+ 0-1

[Event "I Festival Steinitz A"]
[Site "Roma ITA"]
[Date "2002.07.07"]
[Round "4"]
[White "Spano' Cuomo, Gaetano"]
[Black "Quimi, Marco"]
[Result "0-1"]
[WhiteElo "1746"]
[BlackElo "2205"]
[PlyCount "68"]
[EventDate "2002.07.05"]

1. d4 d5 2. c4 c6 3. e3 Nf6 4. Nc3 e6 5. Nf3 Nbd7 6. Bd3 dxc4 7. Bxc4 b5 8. Bd3
Bb7 9. O-O a6 10. a3 c5 11. Qe2 Qc7 12. Bd2 Bd6 13. Rac1 Qb6 14. dxc5 Bxc5 15.
b4 Be7 16. e4 O-O 17. Be3 Qd8 18. h3 Rc8 19. Rfd1 e5 20. Bb1 Qe8 21. Nd2 Rc7
22. Nd5 Nxd5 23. exd5 Rxc1 24. Rxc1 Nf6 25. Ne4 Nxd5 26. Bc5 Nf4 27. Qc2 f5 28.
Nd6 Bxd6 29. Bxd6 Qg6 30. Ba2+ Kh8 31. g3 Nxh3+ 32. Kh2 Qxd6 33. Qc7 Qh6 34.
Qxb7 Nf4+ 0-1

[Event "I Festival Steinitz A"]
[Site "Roma ITA"]
[Date "2002.07.07"]
[Round "4"]
[White "Tinari, Marco"]
[Black "Leti, Jacopo"]
[Result "1/2-1/2"]
[WhiteElo "1860"]
[BlackElo "1629"]
[PlyCount "56"]
[EventDate "2002.07.05"]

1. c4 g6 2. Nc3 Bg7 3. e4 d6 4. d4 Nf6 5. Nf3 O-O 6. Be2 e5 7. d5 a5 8. O-O Na6
9. Be3 Ng4 10. Bg5 Qe8 11. h3 Nf6 12. Be3 Nd7 13. Nd2 f5 14. f3 f4 15. Bf2 g5
16. a3 Rf6 17. Kh2 h5 18. Rg1 Nf8 19. b4 g4 20. fxg4 hxg4 21. Bxg4 Bxg4 22.
Qxg4 axb4 23. axb4 Nxb4 24. Bh4 Rg6 25. Rxa8 Qxa8 26. Qf5 Nc2 27. Nf1 Nd4 28.
Qh5 Rh6 1/2-1/2

[Event "I Festival Steinitz A"]
[Site "Roma ITA"]
[Date "2002.07.07"]
[Round "4"]
[White "Togni, Giampiero"]
[Black "Taloni, Silvio"]
[Result "0-1"]
[WhiteElo "1689"]
[BlackElo "1543"]
[PlyCount "40"]
[EventDate "2002.07.05"]

1. d4 d5 2. c4 dxc4 3. Nc3 Nf6 4. e4 e5 5. d5 b5 6. Bg5 Bb4 7. a4 c6 8. Bxf6
Bxc3+ 9. bxc3 Qxf6 10. dxc6 Qxc6 11. Qd5 Qxd5 12. exd5 Bb7 13. axb5 Bxd5 14. b6
axb6 15. Rxa8 Bxa8 16. Nf3 Bxf3 17. gxf3 b5 18. Be2 Ke7 19. O-O Rd8 20. Ra1 Kd6
0-1

[Event "I Festival Steinitz A"]
[Site "Roma ITA"]
[Date "2002.07.07"]
[Round "4"]
[White "Tomescu, Vlad"]
[Black "Cannada Bartoli, Vincenzo"]
[Result "1-0"]
[WhiteElo "2438"]
[BlackElo "1572"]
[PlyCount "85"]
[EventDate "2002.07.05"]

1. e4 Nf6 2. Nc3 d5 3. e5 d4 4. Nce2 Ng4 5. f4 c5 6. Nf3 Nc6 7. Ng3 g6 8. Bc4
Na5 9. Bb5+ Bd7 10. Qe2 a6 11. Bxd7+ Qxd7 12. Ng5 f5 13. exf6 Nxf6 14. Ne6 Rc8
15. O-O Rc6 16. Re1 h6 17. f5 g5 18. Nh5 Rxe6 19. fxe6 Qd6 20. d3 Nc6 21. Bd2
Nxh5 22. Qxh5+ Kd8 23. Qf7 Ne5 24. Rxe5 Qxe5 25. Ba5+ b6 26. Bxb6+ Kc8 27. Ba5
Kb7 28. Re1 Qd5 29. c4 Qc6 30. b4 Qa4 31. Qf3+ Qc6 32. bxc5 Qxf3 33. gxf3 Bg7
34. Rb1+ Kc6 35. Rb6+ Kxc5 36. Rxa6 Rb8 37. a3 Rb1+ 38. Kf2 Rb2+ 39. Ke1 Be5
40. Bb4+ Rxb4 41. axb4+ Kxb4 42. h3 Bd6 43. Rxd6 1-0

[Event "I Festival Steinitz A"]
[Site "Roma ITA"]
[Date "2002.07.07"]
[Round "4"]
[White "Vanzan, Alessandro"]
[Black "Offidani, Marco"]
[Result "1-0"]
[WhiteElo "1558"]
[BlackElo "1500"]
[PlyCount "119"]
[EventDate "2002.07.05"]

1. c4 Nf6 2. Nf3 b6 3. g3 Bb7 4. Bg2 e6 5. O-O Be7 6. Nc3 O-O 7. Re1 c5 8. d3
d5 9. cxd5 Nxd5 10. a3 Nd7 11. e4 Nxc3 12. bxc3 Qc7 13. e5 Rac8 14. d4 Rfd8 15.
Bf4 cxd4 16. cxd4 Qc2 17. a4 Qxd1 18. Raxd1 Rc2 19. d5 Bxd5 20. Nd4 Rc4 21.
Bxd5 exd5 22. e6 Nf6 23. exf7+ Kxf7 24. Ne6 Rd7 25. Nd4 Bc5 26. Nf3 Rxa4 27.
Ne5+ Ke6 28. Nxd7+ Kxd7 29. Bg5 d4 30. Bxf6 gxf6 31. Re4 b5 32. Rh4 Ra6 33.
Rxh7+ Ke6 34. Rg7 d3 35. Re1+ Kf5 36. Rd1 Bb4 37. h4 d2 38. h5 Rc6 39. g4+ Ke6
40. Kf1 Rc5 41. h6 Re5 42. Rxd2 Bxd2 43. h7 b4 44. h8=Q Bc3 45. Qd8 Re1+ 46.
Kg2 Ke5 47. Re7+ Kf4 48. Rxe1 Bxe1 49. Qxf6+ Ke4 50. Qe6+ Kd3 51. Qxe1 b3 52.
Qb1+ Kc3 53. g5 a5 54. g6 a4 55. g7 a3 56. g8=Q a2 57. Qgxb3+ Kd4 58. Q1xa2 Ke5
59. Qd5+ Kf4 60. Qa4# 1-0

[Event "I Festival Steinitz A"]
[Site "Roma ITA"]
[Date "2002.07.07"]
[Round "4"]
[White "Vittimberga, Valeria"]
[Black "Rotondi, Silverio"]
[Result "0-1"]
[WhiteElo "1482"]
[BlackElo "1600"]
[PlyCount "140"]
[EventDate "2002.07.05"]

1. e4 e5 2. Nf3 Nc6 3. Bb5 a6 4. Ba4 Nf6 5. O-O Be7 6. Re1 b5 7. Bb3 O-O 8. d4
d6 9. h3 Nxd4 10. Nxd4 exd4 11. Qxd4 c5 12. Qd3 c4 13. Bxc4 bxc4 14. Qxc4 d5
15. exd5 Qxd5 16. Qxd5 Nxd5 17. c4 Bb4 18. Re5 Nf6 19. a3 Bd6 20. Re2 Be6 21.
b3 Rab8 22. Nd2 Bf4 23. b4 Bxd2 24. Bxd2 Bxc4 25. Re7 Rfe8 26. Rc7 Rbc8 27. Ra7
Rcd8 28. Be3 Rd7 29. Rxd7 Nxd7 30. Rc1 Bb5 31. Ra1 Ba4 32. Rc1 Nf6 33. Rc5 Bb5
34. Rg5 h6 35. Rg3 Kh7 36. Rf3 Rd8 37. Bc5 Rd3 38. Rxd3 Bxd3 39. f3 Nd5 40. Bd4
Nc7 41. a4 Bc2 42. a5 Ba4 43. Kf2 Nd5 44. Bc5 Bb5 45. g3 Kg6 46. f4 Kf5 47. Kf3
Ke6 48. g4 f5 49. Bf8 Kf7 50. Bc5 g6 51. gxf5 gxf5 52. Kg3 Ke6 53. Kf3 Bc6 54.
Kg3 h5 55. Bf8 Ba4 56. Bc5 Kd7 57. Bf8 Kc6 58. Kh4 Nxf4 59. Bh6 Nd5 60. Kxh5
Nxb4 61. Kg6 Bc2 62. Bf4 Nd5 63. Kg5 Nxf4 64. Kxf4 Kb5 65. h4 Bd1 66. Kxf5 Kxa5
67. Ke4 Kb4 68. Kd3 Kb3 69. Kd2 Bc2 70. Kc1 a5 0-1

[Event "I Festival Steinitz A"]
[Site "Roma ITA"]
[Date "2002.07.07"]
[Round "4"]
[White "Voiska, Margarita"]
[Black "Tosoni, Augusto"]
[Result "1-0"]
[WhiteElo "2356"]
[BlackElo "2174"]
[PlyCount "53"]
[EventDate "2002.07.05"]

1. c4 Nf6 2. Nc3 e6 3. e4 d5 4. e5 Ne4 5. Nf3 c5 6. Qc2 Nxc3 7. dxc3 Nc6 8. Bf4
Be7 9. h4 d4 10. Bd3 dxc3 11. bxc3 Qc7 12. Bxh7 Bd7 13. Be4 O-O-O 14. g3 Qa5
15. O-O f5 16. exf6 gxf6 17. Rfe1 Qa6 18. Rab1 e5 19. Be3 Qxc4 20. Nd2 Qg8 21.
Qa4 Kc7 22. Nc4 Rxh4 23. Rxb7+ Kxb7 24. Rb1+ Kc7 25. Qxa7+ Nxa7 26. Rb7+ Kc8
27. Nb6# 1-0

[Event "I Festival Steinitz A"]
[Site "Roma ITA"]
[Date "2002.07.07"]
[Round "4"]
[White "Yamson, Roberto"]
[Black "Gallitto, Salvatore"]
[Result "1-0"]
[WhiteElo "1623"]
[BlackElo "2045"]
[PlyCount "97"]
[EventDate "2002.07.05"]

1. d4 e6 2. Nf3 f5 3. d5 exd5 4. Qxd5 d6 5. Bg5 Nf6 6. Qd3 Be7 7. Nc3 Nc6 8. e4
Nxe4 9. Nxe4 fxe4 10. Qxe4 O-O 11. Bd3 Bf5 12. Qd5+ Kh8 13. Bxf5 Bxg5 14. Bxh7
Rxf3 15. Qxf3 Kxh7 16. h4 Qe7+ 17. Kf1 Bf6 18. Re1 Qd7 19. Rh3 Nd4 20. Qh5+ Kg8
21. c3 Qf5 22. Re8+ Rxe8 23. Qxe8+ Kh7 24. cxd4 Qb1+ 25. Qe1 Qxb2 26. h5 Qxd4
27. Qb1+ Kg8 28. Qb3+ d5 29. h6 Qc4+ 30. Qxc4 dxc4 31. Ke2 b5 32. hxg7 Kxg7 33.
Rh5 a6 34. Rc5 Bd8 35. Rd5 Be7 36. Rd7 Kf6 37. Rxc7 a5 38. Kd2 Bb4+ 39. Kc2 Be1
40. Rc8 Kf7 41. f4 Bg3 42. f5 Bf2 43. g4 Be3 44. a4 b4 45. Rxc4 Bb6 46. g5 Bd8
47. g6+ Kg7 48. Rc8 Bb6 49. Rb8 1-0

[Event "I Festival Steinitz A"]
[Site "Roma ITA"]
[Date "2002.07.07"]
[Round "5"]
[White "Balzano, Giuseppe"]
[Black "Bolla, Vittorio"]
[Result "1-0"]
[WhiteElo "1510"]
[BlackElo "1603"]
[PlyCount "104"]
[EventDate "2002.07.05"]

1. d4 Nf6 2. c4 c5 3. d5 e6 4. Nc3 exd5 5. cxd5 d6 6. Nf3 g6 7. e4 Bg7 8. Bg5
h6 9. Be3 O-O 10. Qd2 Kh7 11. h3 a6 12. a4 Nbd7 13. Bd3 Re8 14. O-O Ne5 15.
Nxe5 Rxe5 16. Bf4 Re8 17. Rae1 Qc7 18. Bh2 b6 19. Qf4 Rd8 20. g4 c4 21. Bc2 Bb7
22. Qg3 Qc5 23. Qe3 Nd7 24. Qxc5 Nxc5 25. f4 b5 26. f5 b4 27. fxg6+ fxg6 28.
Nd1 b3 29. Bb1 Bd4+ 30. Kg2 Rd7 31. a5 Rc8 32. Bg1 Be5 33. Bh2 Re8 34. Bxe5
Rxe5 35. Nc3 Kg7 36. Kf3 Rde7 37. Kg3 Bc8 38. Rf3 Bd7 39. Ref1 Nb7 40. Rf6 Be8
41. Nd1 Nc5 42. Nc3 Nxe4+ 43. Nxe4 Rxe4 44. Bxe4 Rxe4 45. Rxd6 Re2 46. Rb1 Rd2
47. Rxa6 Rxd5 48. Ra7+ Kg8 49. Rc7 Rxa5 50. Rxc4 g5 51. Rc8 Kf7 52. Rf1+ Ke7
1-0

[Event "I Festival Steinitz A"]
[Site "Roma ITA"]
[Date "2002.07.07"]
[Round "5"]
[White "Bonafede, Alvise"]
[Black "Campatelli, Giovanni"]
[Result "0-1"]
[WhiteElo "1518"]
[BlackElo "1506"]
[PlyCount "44"]
[EventDate "2002.07.05"]

1. e4 e5 2. Nf3 d6 3. d4 Nf6 4. Nc3 Nbd7 5. Bc4 Be7 6. Bg5 c6 7. dxe5 dxe5 8.
Qe2 Qc7 9. Nh4 b5 10. Bb3 Nc5 11. Bxf6 Bxf6 12. Nf3 O-O 13. h3 Be6 14. g4 Rfd8
15. g5 Be7 16. h4 Nxb3 17. axb3 a5 18. Qe3 Bb4 19. h5 Bg4 20. Nd2 Rd6 21. Qg3
Qd7 22. Nf1 Bxc3+ 0-1

[Event "I Festival Steinitz A"]
[Site "Roma ITA"]
[Date "2002.07.07"]
[Round "5"]
[White "Bonafede, Emanuel"]
[Black "Damia, Angelo"]
[Result "0-1"]
[WhiteElo "1582"]
[BlackElo "1888"]
[PlyCount "102"]
[EventDate "2002.07.05"]

1. e4 c5 2. Nf3 a6 3. d4 cxd4 4. Nxd4 Nf6 5. Nc3 e5 6. Nb3 Bb4 7. Bd2 Bxc3 8.
Bxc3 Nxe4 9. Bxe5 Qe7 10. Qd4 Nc6 11. Qxe4 Qxe5 12. Qxe5+ Nxe5 13. O-O-O O-O
14. Rd6 b5 15. Nc5 f6 16. Be2 Nf7 17. Bf3 Nxd6 18. Bxa8 Kf7 19. Rd1 Ke7 20. Bf3
f5 21. Re1+ Kd8 22. Rd1 Kc7 23. Re1 Re8 24. Rxe8 Nxe8 25. g4 d6 26. Nd3 fxg4
27. Be2 Nf6 28. f3 g5 29. Kd2 gxf3 30. Bxf3 Kd7 31. Bg2 Ke6 32. c3 Kf5 33. Ke2
h5 34. Ne1 h4 35. Nc2 g4 36. Ne3+ Kf4 37. Bh1 g3 38. hxg3+ Kxg3 39. Nf1+ Kf4
40. Nh2 Ne4 41. Bxe4 Kxe4 42. b3 Bh3 43. c4 bxc4 44. bxc4 Be6 45. a3 Bxc4+ 46.
Kf2 Be6 47. Nf3 h3 48. Kg3 Bc8 49. a4 Ke3 50. a5 d5 51. Ne1 Bf5 0-1

[Event "I Festival Steinitz A"]
[Site "Roma ITA"]
[Date "2002.07.07"]
[Round "5"]
[White "Cannada Bartoli, Vincenzo"]
[Black "Tinari, Marco"]
[Result "1-0"]
[WhiteElo "1572"]
[BlackElo "1860"]
[PlyCount "74"]
[EventDate "2002.07.05"]

1. Nf3 d6 2. d4 f5 3. c4 Nf6 4. Nc3 e6 5. g3 Be7 6. Bg2 O-O 7. Qc2 a6 8. e4
fxe4 9. Nxe4 Nxe4 10. Qxe4 Bf6 11. O-O Nc6 12. Be3 d5 13. Qc2 Ne7 14. Rfd1 c6
15. Rac1 Nf5 16. Bf4 Qb6 17. c5 Qa5 18. a3 Qd8 19. Bf1 g5 20. Be5 g4 21. Bxf6
Qxf6 22. Ne5 h5 23. Qd2 Kg7 24. Qf4 Qh6 25. Nd3 Qxf4 26. Nxf4 Kh6 27. Rd3 Bd7
28. Re1 Rae8 29. Re5 Rf6 30. Rd1 Re7 31. Be2 Be8 32. h3 gxh3 33. Nxh3 Bg6 34.
Nf4 h4 35. g4 Kh7 36. gxf5 Bxf5 37. Kh2 Rg7 1-0

[Event "I Festival Steinitz A"]
[Site "Roma ITA"]
[Date "2002.07.07"]
[Round "5"]
[White "Caprioli, Fabrizio"]
[Black "Conflitti, Alessandro"]
[Result "1/2-1/2"]
[WhiteElo "1566"]
[BlackElo "1500"]
[PlyCount "118"]
[EventDate "2002.07.05"]

1. d4 Nf6 2. c4 e6 3. Nc3 Bb4 4. a3 Bxc3+ 5. bxc3 c5 6. Bg5 h6 7. Bxf6 Qxf6 8.
Nf3 d6 9. e3 O-O 10. Bd3 Nc6 11. O-O b6 12. Re1 Re8 13. Nd2 Bb7 14. Ne4 Qe7 15.
dxc5 dxc5 16. Nd6 Red8 17. Nxb7 Qxb7 18. Qe2 Rd6 19. Red1 Rad8 20. Be4 Qc7 21.
Rxd6 Rxd6 22. Bc2 Qd7 23. Rd1 Ne5 24. Rxd6 Qxd6 25. f4 Nd7 26. Qd3 Qxd3 27.
Bxd3 Kf8 28. Kf2 Ke7 29. Kf3 Kd6 30. h4 Nf6 31. g4 e5 32. g5 hxg5 33. hxg5 Nd7
34. Ke4 exf4 35. exf4 g6 36. Bc2 Ke6 37. Ba4 Nf8 38. Bc6 f5+ 39. Kd3 Kd6 40.
Bd5 Ke7 41. Kc2 Kd6 42. Bf7 a6 43. Kb3 Kc7 44. a4 Kb7 45. a5 bxa5 46. Ka4 Ka7
47. Kxa5 Kb7 48. Bd5+ Ka7 49. Bc6 Kb8 50. Kxa6 Kc7 51. Kb5 Kd6 52. Be8 Ke7 53.
Bc6 Kd6 54. Be8 Ke7 55. Bc6 Kd6 56. Bg2 Nd7 57. Bc6 Nf8 58. Be8 Ke7 59. Bc6 Kd6
1/2-1/2

[Event "I Festival Steinitz A"]
[Site "Roma ITA"]
[Date "2002.07.07"]
[Round "5"]
[White "Carbone, Stefano"]
[Black "Giannoni, Massimo"]
[Result "0-1"]
[WhiteElo "1500"]
[BlackElo "1600"]
[PlyCount "92"]
[EventDate "2002.07.05"]

1. d4 Nf6 2. Nf3 d5 3. Bf4 Bf5 4. e3 e6 5. Bd3 Bxd3 6. cxd3 Bb4+ 7. Nc3 O-O 8.
O-O Bd6 9. Bg5 c6 10. Ne5 Be7 11. f4 Ne8 12. Bxe7 Qxe7 13. Qh5 f6 14. Nf3 Nd7
15. g4 g6 16. Qh3 Rf7 17. Rf2 Nd6 18. Qf1 Rg7 19. Rg2 Kf7 20. g5 Rh8 21. gxf6
Qxf6 22. Qf2 h6 23. Rf1 Ke7 24. Kh1 g5 25. Ne5 Rhg8 26. Rfg1 gxf4 27. Rxg7+
Rxg7 28. Rxg7+ Qxg7 29. Qxf4 Nxe5 30. dxe5 Nf5 31. d4 Qg5 32. Qxg5+ hxg5 33.
Nd1 g4 34. Kg2 Kf7 35. h3 g3 36. Kf3 Kg6 37. h4 Kh5 38. Nc3 Kxh4 39. Ne2 Kh3
40. Nf4+ Kh2 41. Ng2 a5 42. a4 b6 43. b3 c5 44. dxc5 bxc5 45. Nf4 Nh4+ 46. Kg4
g2 0-1

[Event "I Festival Steinitz A"]
[Site "Roma ITA"]
[Date "2002.07.07"]
[Round "5"]
[White "Coglitore, Roberto"]
[Black "Clifford, Roby"]
[Result "1-0"]
[WhiteElo "1741"]
[BlackElo "1600"]
[PlyCount "69"]
[EventDate "2002.07.05"]

1. e4 e6 2. d4 b6 3. Bd3 Bb7 4. Nf3 Nf6 5. Qe2 c5 6. O-O Be7 7. c4 d6 8. Nc3
cxd4 9. Nxd4 Nbd7 10. f4 h5 11. f5 e5 12. Nb3 Rc8 13. Kh1 Nc5 14. Bc2 Ba6 15.
Nd2 Ncd7 16. Ba4 O-O 17. Bxd7 Qxd7 18. b3 h4 19. Rf3 Nh5 20. Nf1 Nf4 21. Bxf4
exf4 22. Rxf4 Bf6 23. Rc1 Bg5 24. Qg4 Bxf4 25. Qxf4 h3 26. Nd5 hxg2+ 27. Kxg2
Qd8 28. Nfe3 f6 29. Rg1 Kf7 30. Kf2 Rg8 31. Qg3 Kf8 32. Ng4 Rh8 33. Ngxf6 Rxh2+
34. Qxh2 gxf6 35. Qh8+ 1-0

[Event "I Festival Steinitz A"]
[Site "Roma ITA"]
[Date "2002.07.07"]
[Round "5"]
[White "D'Amico, Francesco"]
[Black "Della Corte, Alessandro"]
[Result "0-1"]
[WhiteElo "1600"]
[BlackElo "1915"]
[PlyCount "70"]
[EventDate "2002.07.05"]

1. d4 Nf6 2. c4 c5 3. d5 b5 4. cxb5 a6 5. bxa6 Bxa6 6. Nc3 d6 7. e4 Bxf1 8.
Kxf1 Nbd7 9. h3 g6 10. Bg5 Bg7 11. Qd2 Qb6 12. Nf3 O-O 13. g3 Rfb8 14. Rb1 Qb4
15. Kg2 Nb6 16. b3 h6 17. Bf4 g5 18. Bxg5 hxg5 19. Nxg5 Nh7 20. Nxh7 Bxc3 21.
Qg5+ Kxh7 22. Qxe7 Kg8 23. Qg5+ Bg7 24. Rhe1 Rxa2 25. h4 Qd2 26. Qxd2 Rxd2 27.
h5 Bd4 28. g4 Rxf2+ 29. Kg3 Ra8 30. Rf1 Raa2 31. Rxf2 Bxf2+ 32. Kf4 Nd7 33. g5
Ne5 34. h6 Ra3 35. Rf1 Rxb3 0-1

[Event "I Festival Steinitz A"]
[Site "Roma ITA"]
[Date "2002.07.07"]
[Round "5"]
[White "De Benedetti, Arnaldo"]
[Black "De Angelis, Massimo"]
[Result "0-1"]
[WhiteElo "1494"]
[BlackElo "1534"]
[PlyCount "86"]
[EventDate "2002.07.05"]

1. e4 e6 2. Nc3 d5 3. d3 d4 4. Nce2 c5 5. e5 Nc6 6. Nf3 Nge7 7. Bg5 Qc7 8. c3
Ng6 9. cxd4 cxd4 10. Rc1 Ngxe5 11. Nexd4 Bb4+ 12. Bd2 Nxf3+ 13. Nxf3 Bxd2+ 14.
Qxd2 Qd6 15. Qc3 O-O 16. Be2 Bd7 17. O-O Rfc8 18. a3 Ne7 19. Qa5 Bc6 20. Qh5
Ng6 21. Rc3 Nf4 22. Qg4 Nxe2+ 23. Kh1 Nxc3 24. bxc3 Qxd3 25. Rc1 Bxf3 26. gxf3
Rxc3 27. Rg1 Qxf3+ 28. Qg2 Qxg2+ 29. Kxg2 Rac8 30. h3 Rc1 31. Kh2 Rxg1 32. Kxg1
Rc3 33. a4 b6 34. Kg2 a6 35. f3 b5 36. a5 b4 37. Kf2 b3 38. Ke2 Rc5 39. h4 b2
40. h5 b1=Q 41. h6 Qb3 42. f4 Rc2+ 43. Kd1 Qb1# 0-1

[Event "I Festival Steinitz A"]
[Site "Roma ITA"]
[Date "2002.07.07"]
[Round "5"]
[White "Dinacci, Fabrizio"]
[Black "Gorini, Tommaso"]
[Result "0-1"]
[WhiteElo "1500"]
[BlackElo "1600"]
[PlyCount "74"]
[EventDate "2002.07.05"]

1. c4 e5 2. Nc3 Nf6 3. d3 c6 4. Nf3 d6 5. g3 Be7 6. Bg2 O-O 7. O-O Re8 8. Bg5
Nbd7 9. a3 a5 10. Qc2 h6 11. Bd2 Nf8 12. Rfd1 Be6 13. Qc1 Ng6 14. Ne1 d5 15. b3
Qb6 16. Rb1 Ng4 17. e3 Nf6 18. Na4 Qa7 19. c5 d4 20. exd4 exd4 21. h3 Nd7 22.
Nf3 Nxc5 23. Nxc5 Qxc5 24. Qxc5 Bxc5 25. b4 axb4 26. axb4 Bb6 27. g4 Ba2 28.
Rb2 Bd5 29. Ne1 Bxg2 30. Kxg2 Re2 31. Nf3 Rae8 32. Kf1 Nf4 33. Rb3 Nxh3 34. Kg2
Rxf2+ 35. Kxh3 Rxf3+ 36. Kg2 Rf6 37. Rf1 Re2+ 0-1

[Event "I Festival Steinitz A"]
[Site "Roma ITA"]
[Date "2002.07.07"]
[Round "5"]
[White "Djuric, Stefan"]
[Black "Pagano, Sergio M."]
[Result "1-0"]
[WhiteElo "2484"]
[BlackElo "2222"]
[PlyCount "68"]
[EventDate "2002.07.05"]

1. e4 d6 2. d4 Nf6 3. Nc3 c6 4. Nf3 Bg4 5. h3 Bh5 6. Be2 e6 7. O-O Be7 8. Be3
d5 9. e5 Nfd7 10. Nd2 Bxe2 11. Qxe2 c5 12. dxc5 Bxc5 13. Bxc5 Nxc5 14. Nb5 O-O
15. c4 Nc6 16. cxd5 exd5 17. Rac1 Ne6 18. Nf3 Qb6 19. Rfd1 Rad8 20. Nc3 a6 21.
b3 d4 22. Ne4 Rd5 23. Ned2 Rd7 24. Nc4 Qd8 25. Qe4 h6 26. Kh1 Nb4 27. Rd2 Nc5
28. Qg4 Ncd3 29. Rcd1 b5 30. Nb2 Nxb2 31. Rxb2 Re8 32. Qe4 Qa8 33. Rxd4 Qxe4
34. Rxe4 a5 1-0

[Event "I Festival Steinitz A"]
[Site "Roma ITA"]
[Date "2002.07.07"]
[Round "5"]
[White "Ermacora, Ilario"]
[Black "Romagnoli, Moreno"]
[Result "1/2-1/2"]
[WhiteElo "1600"]
[BlackElo "1582"]
[PlyCount "130"]
[EventDate "2002.07.05"]

1. e4 e5 2. Bc4 Nf6 3. Nf3 Nxe4 4. Nc3 Nxc3 5. dxc3 f6 6. O-O d6 7. Nh4 g6 8.
f4 f5 9. Nf3 e4 10. Ng5 d5 11. Bxd5 Bc5+ 12. Kh1 Rf8 13. Nxh7 Rh8 14. Ng5 Rf8
15. Bf7+ Rxf7 16. Qxd8+ Kxd8 17. Nxf7+ Ke7 18. Ne5 Be6 19. Nxg6+ Kf7 20. Ne5+
Kf6 21. b4 Bd6 22. Bb2 Na6 23. a3 c5 24. Rfd1 Be7 25. b5 Nc7 26. c4 Rg8 27.
Ng4+ Kg6 28. Ne3 Kf7 29. a4 Bh4 30. Rd2 Be7 31. Be5 Ne8 32. a5 Nf6 33. h3 Rg3
34. Nd5 e3 35. Rd3 Ne4 36. Kg1 Bh4 37. Re1 Rxg2+ 38. Kxg2 Bxe1 39. Nxe3 Bxa5
40. h4 Kg6 41. Nd5 Kh5 42. Rh3 Be1 43. Nf6+ Nxf6 44. Bxf6 Bxc4 45. Re3 Bxh4 46.
Rh3 Bd5+ 47. Kh2 Kg6 48. Bxh4 Bc4 49. Rg3+ Kf7 50. Rc3 Bxb5 51. Rxc5 Bd7 52.
Rc7 Ke8 53. Rxb7 a5 54. Ra7 a4 55. Bf6 Bc6 56. c4 Bd7 57. c5 Bc6 58. Kg3 Bd7
59. Rxd7 Kxd7 60. Kh4 Kc6 61. Kg5 Kxc5 62. Kxf5 Kd5 63. Ba1 a3 64. Kf6 a2 65.
Kf7 Ke4 1/2-1/2

[Event "I Festival Steinitz A"]
[Site "Roma ITA"]
[Date "2002.07.07"]
[Round "5"]
[White "Ferraguto, Andrea"]
[Black "Dentale, Enrico"]
[Result "1-0"]
[WhiteElo "1597"]
[BlackElo "1483"]
[PlyCount "101"]
[EventDate "2002.07.05"]

1. e4 d5 2. exd5 Nf6 3. d4 Nxd5 4. c4 Nb6 5. Nc3 g6 6. Nf3 Bg7 7. Be3 O-O 8. h3
Nc6 9. Be2 Na5 10. b3 Nc6 11. Rc1 Bf5 12. O-O a6 13. Qd2 Re8 14. Rfd1 Nc8 15.
d5 Ne5 16. Nd4 Nd6 17. f4 Nd7 18. Bf3 Nf6 19. Nxf5 Nxf5 20. Bf2 Qd7 21. Ne4
Rad8 22. Nc5 Qc8 23. Nd3 e6 24. Ne5 exd5 25. cxd5 Nd7 26. Nxd7 Qxd7 27. g4 Nd6
28. Re1 Rxe1+ 29. Rxe1 Nb5 30. Qd3 Nc3 31. Bh4 Re8 32. a4 b5 33. a5 Kf8 34. Bf2
Qd6 35. Rxe8+ Kxe8 36. Bd4 Bxd4+ 37. Qxd4 b4 38. Qe5+ Kd7 39. g5 Qxe5 40. fxe5
Na2 41. Be2 Nc3 42. Bc4 Ne4 43. Bxa6 Nd2 44. Bb7 Nf3+ 45. Kf2 Nxe5 46. a6 c5
47. a7 Nd3+ 48. Ke3 Nc1 49. a8=Q Nxb3 50. Qc8+ Kd6 51. Qd8+ 1-0

[Event "I Festival Steinitz A"]
[Site "Roma ITA"]
[Date "2002.07.07"]
[Round "5"]
[White "Gagliardi, Gaetano"]
[Black "Betori, Alessandro"]
[Result "1-0"]
[WhiteElo "1767"]
[BlackElo "1500"]
[PlyCount "157"]
[EventDate "2002.07.05"]

1. e4 d5 2. exd5 Qxd5 3. Nc3 Qa5 4. d4 Nf6 5. Nf3 Bf5 6. Bd2 c6 7. Be2 e6 8.
O-O Be7 9. a3 Qc7 10. Ne5 Nbd7 11. Bf4 Nxe5 12. Bxe5 Bd6 13. Bxd6 Qxd6 14. Na4
O-O 15. c3 b6 16. Bf3 Rac8 17. b4 Qf4 18. Qe2 Rfd8 19. g3 Qh6 20. Nb2 Qg6 21.
Rad1 Nd5 22. Rc1 Nf4 23. Qe3 Nh3+ 24. Kh1 Ng5 25. Bg2 Bh3 26. Rfe1 Bxg2+ 27.
Kxg2 h5 28. h4 Nh7 29. Nd3 Nf6 30. Ne5 Qf5 31. f3 Nd5 32. Qe4 Qxe4 33. fxe4 Nf6
34. Kf3 Kf8 35. Nd3 Ke7 36. Nf4 g6 37. Nd3 Ng4 38. e5 Nh6 39. a4 Nf5 40. Ra1
Rc7 41. a5 b5 42. Nc5 Rcc8 43. Re4 Rg8 44. Rg1 Nh6 45. Nb7 Nf5 46. Rf4 Rh8 47.
Rf1 a6 48. Nd6 Rb8 49. Ne4 Rbd8 50. Rh1 Nh6 51. Rc1 Nf5 52. Nc5 Ra8 53. Nb7
Rab8 54. Nd6 Nxd6 55. exd6+ Kxd6 56. Rxf7 Rhf8 57. Rxf8 Rxf8+ 58. Ke4 Rf2 59.
Re1 Rf5 60. Re3 e5 61. Rd3 Ke6 62. d5+ cxd5+ 63. Rxd5 g5 64. Rc5 gxh4 65. Rc6+
Kd7 66. Rh6 Rf1 67. gxh4 Rf4+ 68. Kxe5 Rxh4 69. Rxa6 Rc4 70. Rd6+ Kc7 71. Rd3
Rg4 72. Kf5 Kc6 73. Rh3 Kb7 74. Rxh5 Rg3 75. Rh7+ Kb8 76. Rh6 Rxc3 77. Rb6+ Kc7
78. Rxb5 Rh3 79. Re5 {...} 1-0

[Event "I Festival Steinitz A"]
[Site "Roma ITA"]
[Date "2002.07.07"]
[Round "5"]
[White "Gallitto, Salvatore"]
[Black "Maddaloni, Giovanni"]
[Result "1-0"]
[WhiteElo "2045"]
[BlackElo "1547"]
[PlyCount "53"]
[EventDate "2002.07.05"]

1. d4 Nf6 2. e3 d5 3. Bd3 g6 4. Nd2 Na6 5. Ngf3 c5 6. c3 Bf5 7. Bb5+ Bd7 8.
Bxa6 bxa6 9. dxc5 Qc7 10. O-O Bg7 11. Re1 O-O 12. e4 Qxc5 13. Ne5 Be6 14. Nb3
Qb6 15. Be3 Qb7 16. Nc5 Qxb2 17. Bd4 Nxe4 18. Re2 Nxc3 19. Rxb2 Nxd1 20. Rxd1
Bf5 21. h3 h5 22. Nc6 e6 23. Ne7+ Kh7 24. Bxg7 Kxg7 25. Nxf5+ gxf5 26. Rb7 Kf6
27. Nd7+ 1-0